000
00269nam a2200097Ia 4500
008
230907s9999||||xx |||||||||||||| ||und||
082
_a
621.382
_b
RES
245
0
_a
Resource management for energy and spectrum harvesting sensor networks /
300
_a
79 p.
942
_c
BK
999
_c
599294
_d
599294